ბათუმის შოთა რუსთაველის სახელმწიფო უნივერსიტეტის ბიბლიოთეკა

საზღვარგარეთული დეტექტივი / (ბიბ.ჩანაწერი № 59163)

000 -ლიდერი
ფიქსირებული სიგრძის საკონტროლო ველი 01224nam a22002177a 4500
003 - საკონტროლო ნომრის იდენტიფიკატორი
საკონტროლო ველი Ge_BSU
005 - ბოლო ოპერაციის თარიღი და დრო
საკონტროლო ველი 20221201140248.0
008 - ფიქსირებული სიგრძის მონაცემთა ელემენტები - ზოგადი ინფორმაცია
ფიქსირებული სიგრძის საკონტროლო ველი 221201s1978ge xxu||||| |||| 00| 0 geo d
041 ## - ენის კოდი
Language code of text/sound track or separate title geo
080 ## - უნივერსალური ათობითი კლასიფიკაციის ინდექსი
Universal Decimal Classification number 821-312.4 ს-17
245 ## - ცნობა სათაურის შესახებ
Title საზღვარგარეთული დეტექტივი /
Statement of responsibility, etc [თარგმ. ნ. ძოწენიძისა] , რედ. ნ.მამისაშვილი
264 ## - წარმოების, გამოცემის, დისტრიბუციის და სხვა ცნობები
გამოცემის, წარმოების, დისტრიბუციის... ადგილი თბილისი :
გამოცემის, წარმოების, დისტრიბუციის... სახელწოდება საბჭ. საქართველო,
გამოცემის, წარმოების, დისტრიბუციის... თარიღი 1978.
300 ## - ფიზიკური აღწერა
Extent 648 გვ. ;
Other physical details 20 სმ.
653 ## - INDEX TERM--UNCONTROLLED
Uncontrolled term მწვანე მოჩვენება / ჰაინერ რანკი
653 ## - INDEX TERM--UNCONTROLLED
Uncontrolled term ცალთვალა მოწმის ჩვენება / ერლ სტენლი გარდნერი.
653 ## - INDEX TERM--UNCONTROLLED
Uncontrolled term ყოველ ნაბიჯზე კონსტებლია /ნაიო მარში.
653 ## - INDEX TERM--UNCONTROLLED
Uncontrolled term ყველას თავისი ალიბი აქვს / ჯეორჯე ტიმკუ.
700 ## - ADDED ENTRY--PERSONAL NAME
Personal name ძოწენიძიე, ნ
Relator term მთარგმნელი
9 (RLIN) 16282
700 ## - ADDED ENTRY--PERSONAL NAME
Personal name მამისაშვილი, ნ
Relator term რედაქტორი
9 (RLIN) 3802
942 ## - ADDED ENTRY ELEMENTS (KOHA)
Source of classification or shelving scheme
Koha item type წიგნი
ეგზემპლარები
ჩამოწერის სტატუსი დაკარგული ეგზემპლარის სტატუსი კლასიფიკაციის წყარო ან თაროზე გაწყობის სქემა დაზიანების სტატუსი არ გაიცემა მუდმივი მდებარეობა (დაცვის ადგილი) ამჟამინდელი ადგილსამყოფელი თაროზე განთავსების ადგილი შეძენის თარიღი ღირებულება, შესყიდვის ნორმალური ფასი სრული შენახვის შიფრი შტრიხკოდი ბოლო ოპერაციის თარიღი ეგზემპლარის მიმდევრობითი ნომერი (კეტერი?) ფასის ძალაში შესვლის თარიღი ეგზემპლარის სახეობა საჯარო შენიშვნა
          ბათუმის შოთა რუსთაველის სახელმწიფო უნივერსიტეტის მთავარი ბიბლიოთეკა ბათუმის შოთა რუსთაველის სახელმწიფო უნივერსიტეტის მთავარი ბიბლიოთეკა წიგნსაცავი 2022-12-01 8.00 821-312.4 ს-17 63243 2022-12-01 63243 2022-12-01 წიგნი 8.00